000 00330nam a22001337a 4500
008 170817b xxu||||| |||| 00| 0 eng d
020 _a0886950090
041 _aeng
080 _a51
100 _a36
101 _aMAT
245 _aTHE GOLDEN VERSES OF PYTHAGORAS WITH THE COMMENTARY OF HIEROCLES
_cKRISHNA,SH
942 _2udc
_cBK
999 _c23935
_d23935